[Event "BL2-Nord 9495"]
[Site "Germany"]
[Date "1995.??.??"]
[Round "1.6"]
[White "Ehrke, Michael"]
[Black "Wesseln, Kai"]
[Result "1/2-1/2"]
[WhiteElo "2240"]
[BlackElo "2350"]
[PlyCount "138"]
[EventDate "1994.10.??"]
[EventType "team-tourn"]
[EventRounds "9"]
[EventCountry "GER"]
[SourceTitle "GER-chT2"]
[Source "ChessBase"]
[SourceDate "1999.07.01"]
[SourceVersion "1"]
[SourceVersionDate "1999.07.01"]
[SourceQuality "1"]
[WhiteTeam "Luebeck"]
[BlackTeam "Delmenhorst"]
[WhiteTeamCountry "GER"]
[BlackTeamCountry "GER"]

1. d4 Nf6 2. Nf3 g6 3. Bf4 Bg7 4. e3 0-0 5. h3 d6 6. c3 c5 7. Be2 Be6 8. Nbd2 cxd4 9. exd4 Nc6 10. 0-0 Qb6 11. Qb1 Rac8 12. Bd3 Rfe8 13. Ng5 Bd7 14. Re1 e5 15. Nc4 Qc7 16. Bh2 b5 17. dxe5 dxe5 18. Ne3 Ne7 19. a4 bxa4 20. Bc4 Rf8 21. Qa2 Be8 22. Nf3 Nh5 23. Nd5 Nxd5 24. Bxd5 Nf4 25. Bxf4 exf4 26. Rad1 Bc6 27. Bxc6 Qxc6 28. Nd4 Qc4 29. Qxc4 Rxc4 30. Re7 a3 31. bxa3 Rxc3 32. Nb5 Rb3 33. Nxa7 Rxa3 34. Nc6 f3 35. gxf3 Rxf3 36. Kg2 Rf5 37. Red7 Bf6 38. Ne7+ Bxe7 39. Rxe7 Ra8 40. Rd2 Ra3 41. Rde2 Rg5+ 42. Kh2 Rf3 43. R7e3 Rxe3 44. Rxe3 h5 45. Rd3 Kg7 46. Rd6 Rf5 47. Kg2 g5 48. Rc6 Rf4 49. Rb6 f6 50. Ra6 Kg6 51. Ra5 Rf5 52. Ra8 Re5 53. Ra3 Re6 54. Ra8 f5 55. Rg8+ Kf6 56. Rh8 h4 57. f4 gxf4 58. Rxh4 Ke5 59. Rh8 Rg6+ 60. Kf2 Rg3 61. Re8+ Kf6 62. Rf8+ Ke6 63. Re8+ Kf7 64. Rh8 Ra3 65. Rh4 Kg6 66. Rxf4 Rxh3 67. Rb4 Kg5 68. Ra4 Rb3 69. Rc4 Rb2+ 1/2-1/2

[Event "BL2-Nord 9495"]
[Site "Germany"]
[Date "1995.??.??"]
[Round "5.7"]
[White "Schneider, Bernhard"]
[Black "Wesseln, Kai"]
[Result "1-0"]
[WhiteElo "2270"]
[BlackElo "2350"]
[PlyCount "59"]
[EventDate "1994.10.??"]
[EventType "team-tourn"]
[EventRounds "9"]
[EventCountry "GER"]
[SourceTitle "GER-chT2"]
[Source "ChessBase"]
[SourceDate "1999.07.01"]
[SourceVersion "1"]
[SourceVersionDate "1999.07.01"]
[SourceQuality "1"]
[WhiteTeam "Lasker Steglitz"]
[BlackTeam "Delmenhorst"]
[WhiteTeamCountry "GER"]
[BlackTeamCountry "GER"]

1. g3 g6 2. c4 Bg7 3. Bg2 c5 4. Nc3 Nc6 5. a3 Nf6 6. Nh3 0-0 7. Nf4 d6 8. d3 Bd7 9. Rb1 a5 10. 0-0 Ne8 11. Bd2 Nc7 12. Na4 e5 13. Nd5 Nxd5 14. cxd5 Ne7 15. b3 b5 16. Nb2 Bc8 17. a4 b4 18. Nc4 Bb7 19. e4 Nc8 20. f4 Nb6 21. f5 gxf5 22. Rxf5 Nxc4 23. dxc4 Bc8 24. Bh3 Bxf5 25. Bxf5 Re8 26. Qh5 Kf8 27. Rf1 Ra7 28. Qxh7 f6 29. Bg6 Ree7 30. Bh6 1-0